000 01168nam a2200313 i 4500
999 _c65367
_d65367
001 768714001
003 CO-MdFUSB
005 20200227150537.0
007 ta
008 200207t2004 sp acj|| |||| 00| 0 spa d
020 _a8496249581
040 _aCO-MdFUSB
_bspa
_cCO-MdFUSB
_dCO-MdFUSBC
_erda
041 _aspa
082 _223
_a923.2
_bC229
100 _aCantalapiedra Cesteros, Luis.
_eautor
245 1 0 _aChurchill Winston :
_bel rugido del león.
_c/ Luis Cantalapiedra Cesteros.
264 1 _aEspaña :
_bDastin Export,
_c[2004]
264 4 _c© 2004
300 _a268 páginas
_c; 24 cm
336 _2rdacontent
_atexto
_btxt
337 _2rdamedia
_asin mediación
_bn
338 _2rdacarrier
_avolumen
_bnc
490 _aGrandes biografías
505 _aSu niñez. -- La carrera militar. -- El contacto con la India. -- La expedición a Sudán. -- La guerra contra los b´oers. -- La entrada en el parlamento. -- El ministerio de Comercio. -- El ministerio del interior. -- El refugio de la Gran Guerra. -- Ministro
653 _aWiston, Churchill -- Biografías.
653 _aGran Bretaña -- Biografías
942 _cBK
945 _aJTF-925